| 000 | 00687nam a2200205 i 4500 | ||
|---|---|---|---|
| 001 | 26235 | ||
| 003 | ES-MaACL | ||
| 005 | 20251003165504.0 | ||
| 007 | t| | ||
| 008 | 030108s1913 fr ||||1| fre d | ||
| 100 | 1 |
_aAlexandre, Charles. _919782 |
|
| 245 | 1 | 0 |
_aDictionnaire français-grec / _cpar M. M. Alexandre, Planche et Defauconpret. |
| 260 |
_aParís : _bHachette, _c1913 ( _fTaffin-Lafort) |
||
| 300 |
_aLIV, 1014 p. ; _c24 cm. |
||
| 650 | 4 |
_aLengua francesa- _vDiccionarios- _xGriego. _9141740 |
|
| 700 | 1 |
_aPlanche, Joseph, _d1762-1853 _9155297 |
|
| 700 | 1 |
_aDefauconpret, Charles Auguste, _d1797-1865 _9155298 |
|
| 852 |
_aES-MaACL _jF-8304 |
||
| 999 |
_c26235 _d26235 |
||